La moderna democracia social / (Record no. 81923)

MARC details
000 -LEADER
campo de control de longitud fija 00546nam a2200169 i 4500
001 - NÚMERO DE CONTROL
campo de control 81923
003 - IDENTIFICADOR DE NÚMERO DE CONTROL
campo de control ES-MaACL
007 - CAMPO FIJO DE DESCRIPCIÓN FÍSICA--INFORMACIÓN GENERAL
campo de control de longitud fija t|
008 - DATOS DE LONGITUD FIJA--INFORMACIÓN GENERAL
campo de control de longitud fija 041108s1953 sp ||||1| spa d
100 1# - ENTRADA PRINCIPAL--NOMBRE DE PERSONA
Nombre de persona Iglesias Ramírez, Manuel.
9 (RLIN) 65132
245 13 - MENCIÓN DEL TÍTULO
Título La moderna democracia social /
Mención de responsabilidad, etc. M. Iglesias Ramírez ; ilustraciones de Rovira Brull.
250 ## - MENCION DE EDICION
Mención de edición [1ª ed.].
260 ## - PUBLICACIÓN, DISTRIBUCIÓN, ETC.
Lugar de publicación, distribución, etc. Barcelona :
Nombre del editor, distribuidor, etc. Ediciones y Publicaciones,
Fecha de publicación, distribución, etc. 1953 (
Fabricante Rafal Salvá)
300 ## - DESCRIPCIÓN FÍSICA
Extensión 223 p. :
Otras características físicas il. ;
Dimensiones 22 cm.
700 1# - ENTRADA AGREGADA--NOMBRE PERSONAL
Nombre de persona Rovira Brull.
9 (RLIN) 100144
852 ## - LOCALIZACIÓN
Ubicación ES-MaACL
Número de control de estantería C-6533
Sublocalización o colección R.35822
Holdings
Estatus retirado Estado de pérdida Estado de daño No para préstamo Biblioteca de origen Biblioteca actual Ubicación en estantería Fecha de adquisición Fuente de adquisición Total de préstamos Signatura topográfica completa Código de barras Visto por última vez Precio de reemplazo Tipo de ítem Koha
        Biblioteca del Ateneo de Madrid Biblioteca del Ateneo de Madrid Sala Palomar 17/01/2008     C-6533 1085627 23/02/2023 23/02/2023 Libro impreso